00528nam a2200205Ia 4500003000900000005001700009008004100026040001300067040001300080041000800093100002400101100001000125245011800135250000900253260001800262260000900280300001000289490000600299700001700305IT-RoPAU20220918175246.0120407s9999 xx 000 0 und d aIT-RoPAU cIT-RoPAU aita aGiovanni Santinello ccoll. aI problemi della pedagogia e della filosofia. La pedagogia nei rapporti con la filosofia, le scienze e la cultura aRoma aCittà Nuova c1982 c21 cm v1 aGuido Giugni